000 00848nam a22003130a 4500
001 PT30675
003 AR-LpoUNG
005 20210131233639.0
008 191001s1982||||ag |||||||||||||||||spa d
020 _a9500770385
_c$100
040 _aAR-LpoUNG
_bspa
_cAR-LpoUNG
_eaacr
041 _aspa
044 _aag
082 0 _a980.033 25es
100 1 _aO'Donnell, Guillermo
245 1 0 _a1966-1973 :
_bel Estado burocrático autoritario : triunfos, derrotas y crisis
250 _a1ra. ed.
260 _aBuenos Aires :
_bDe Belgrano,
_c1982.
300 _a499 p. :
_btbls., gráfs.
650 4 _aARGENTINA
650 4 _aDICTADURA
650 4 _aGOBIERNO MILITAR
650 4 _aINVESTIGACION HISTORICA
650 4 _aINVESTIGACION POLITICA
650 4 _aPENSAMIENTO POLITICO
650 4 _aPOLITICA
905 _a30675
942 _cLIB
999 _c21935
_d21935